Broadway Musicals Chain Quiz Stats

 Plays Quiz not verified by Sporcle

Support Sporcle.
Go Orange.
Score 0/38 Timer 06:00
0 Plays Today
Can you name... % Correct
????
100%
????
95.2%
????
86.1%
????
72.4%
????
66.4%
????
59%
????
56.9%
????
55.6%
????
53.4%
????
51.3%
????
47.2%
????
46%
????
43.6%
????
43.2%
????
38.7%
????
33.5%
????
30.7%
????
28.8%
????
28.8%
Can you name... % Correct
????
28.4%
????
27.6%
????
27.3%
????
25.8%
????
24.3%
????
24.1%
????
22.4%
????
22%
????
21.7%
????
21.6%
????
18.8%
????
18.4%
????
17.6%
????
17.4%
????
16.2%
????
12.9%
????
11.8%
????
11.1%
????
11%

You're not logged in!

Compare scores with friends on all Sporcle quizzes.
OR
Log In

From the Vault

Sunday Crossword: Insane Anagrams! III

by BookishGirl98

Hopefully getting stuff wrong wont leave you feeling too cross.
Remove Ads.
Support Sporcle.
Get the best of Sporcle when you Go Orange. This ad-free experience offers more features, more stats, and more fun while also helping to support Sporcle. Thank you for becoming a member.

Show Comments

Extras

Top Quizzes Today


Score Distribution

Your Account Isn't Verified!

In order to create a playlist on Sporcle, you need to verify the email address you used during registration. Go to your Sporcle Settings to finish the process.

Report this User

Report this user for behavior that violates our Community Guidelines.

Details: